[Event "RSA-ch U20"]
[Site "Bloemfontein"]
[Date "2016.03.23"]
[Round "6"]
[White "Steenberg, Stuart"]
[Black "Mqakamba, Mihle"]
[Result "0-1"]
[WhiteElo "1352"]
[BlackElo "1212"]
[PlyCount "59"]
[EventDate "2016.03.20"]
[EventType "swiss"]
[EventRounds "11"]
[EventCountry "RSA"]
[SourceTitle "CBM 171 Extra"]
[Source "ChessBase"]
[SourceDate "2016.04.26"]
[SourceVersion "1"]
[SourceVersionDate "2016.04.26"]
[SourceQuality "1"]

1. d4 Nf6 2. Nf3 e6 3. Bf4 d5 4. c3 c5 5. e3 Nc6 6. Nbd2 Be7 7. Bd3 0-0 8. Ne5 Qb6 9. Rb1 c4 10. Bc2 Qa6 11. a3 b5 12. Qf3 Qb6 13. h4 a5 14. g4 b4 15. g5 Nxe5 16. Bxe5 Nd7 17. Qh5 g6 18. Qf3 Nxe5 19. dxe5 bxc3 20. bxc3 Qc7 21. Qf4 Bxa3 22. h5 Bb7 23. Ra1 Be7 24. hxg6 fxg6 25. Qh4 Bd8 26. Bxg6 hxg6 27. Qh8+ Kf7 28. Rh7+ Ke8 29. Rxc7 Bxc7 30. Qg7 0-1